| 000 | 01724cam a2200421 i 4500 | ||
|---|---|---|---|
| 999 |
_c65808 _d65808 |
||
| 001 | 768714001 | ||
| 003 | CO-MdFUSB | ||
| 005 | 20200810115507.0 | ||
| 007 | ta | ||
| 008 | 801003t1981 gau b 001 0 eng | ||
| 010 | _a 80082183 | ||
| 020 | _a0804201439 | ||
| 020 | _a9780804201438 | ||
| 020 |
_a0804201420 _q(pbk.) |
||
| 020 |
_a9780804201421 _q(pbk.) |
||
| 040 |
_aDLC _beng _cCO-MdFUSB _dMUQ _dCO-MdFUSB _dBAKER _dNLGGC _dYDXCP _dWY@ _dGEBAY _dBDX _dEUM _dCFT _dGBVCP _dOCLCF _dOCLCQ _dPB4 _dOCLCQ _dDEBBG _dDHA _erda |
||
| 041 | _aeng | ||
| 082 |
_223 _a223.006 _bC915 |
||
| 100 | 1 |
_aCrenshaw, James L. _eautor |
|
| 245 | 1 | 0 |
_aOld Testament wisdom : _ban introduction / _cJames L. Crenshaw. |
| 264 | 1 |
_aAtlanta : _bJohn Knox Press, _c[1981] |
|
| 264 | 4 | _c© 1981 | |
| 300 |
_a284 páginas ; _c21 cm. |
||
| 336 |
_atexto _btxt _2rdacontent. |
||
| 337 |
_asin mediación _bn _2rdamedia. |
||
| 338 |
_avolumen _bnc _2rdacarrier. |
||
| 504 | _aIncluye referencias bibliográficas (páginas 264-272). | ||
| 505 | 0 | _aEl mundo de la sabiduría - La tradición sapiencial - La búsqueda del conocimiento: Proverbios - La búsqueda de la presencia divina: Job - La búsqueda del significado: Eclesiastés - La búsqueda de la supervivencia: Sirach - La caza cada vez mayor: Sabiduría de Salomón, salmos de sabiduría, y más allá - El legado de la sabiduría - Literatura de sabiduría egipcia y mesopotámica. | |
| 563 | _aRústico | ||
| 630 | 0 | 7 |
_aBiblia. _pAntiguo Testamento |
| 630 | 7 |
_aBiblia. _pLibros Poéticos _xCrítica, interpretación, etc. |
|
| 630 | 0 | 7 |
_aBiblia. _pProverbios |
| 630 | 0 | 7 |
_aBiblia. _pJob |
| 630 | 0 | 7 |
_aBiblia. _pEclesiastes |
| 942 | _cBK | ||
| 945 | _aJTF-925 | ||